000 00624nam a2200193Ia 4500
005 20250326130821.0
008 250326s9999 xx 000 0 und d
037 _aTextbook
040 _aFMSL
_beng
_cFMSL
041 _aeng
_2eng
084 _aX9W:8 Q3.1
_qFMSL
100 _aG L
_9741409
245 0 _aCondeptualtizing and researching goverce in public and non-profit organizations
_cG L; Hinna A And Others
260 _aUnited Kingdom
_bUnited Kingdom, Emerald
_c2013
300 _a246p
490 _v1/Studies in public and non-profit goverce
942 _cTB
_hX9W:8 Q3.1
999 _c1284241
_d1284241